000 01359nam a22003617a 4500
003 CHAP
005 20220329143900.0
008 120524s1994 mdu r 00010 eng d
010 _a103211
011 _a104183
022 0 _a1052-5378
035 _a114873
040 _cCHAP
090 _aFolleto 18232
100 0 0 _aLassanyi, Mary E.
_965035
245 1 0 _aAgriculture and trade policy in Latin America :
_bJanuary 1985 - February 1994
_c/por Mary E. Lassanyi
260 _aMaryland, EUA :
_bNational Agricultural Library,
_c1994
300 _a24 p.
490 0 _aQuick bibliography series.
_pAgricultural trade & Marketing
_v; 94-11
590 _aBATCH-UPD
_b10
_c20130110
_lUCH01
_h1138
590 _aBATCH-UPD
_b10
_c20130410
_lUCH01
_h0725
590 _aBATCH-UPD
_b10
_c20130914
_lUCH01
_h0256
590 _aCONVERSION
_b10
_c20130109
_lUCH01
_h1357
650 1 4 _aAgricultura
_xAspectos economicos
_xAmerica Latina.
_91202
650 1 4 _aAgricultura
_xAspectos económicos
_xBibliografía.
_91215
650 1 4 _aAgricultura
_xBibliografía
_xAmérica Latina.
_91322
650 1 4 _aEstado, El.
_938240
650 1 4 _aPolítica comercial
_xAmérica Latina.
_990471
830 0 _aQuick bibliography series.
_pAgricultural trade & Marketing
_v; 94-11
_993289
901 _aBK
942 _cFOLL
949 _aFolleto 18232
_bBC
_cFOLL
_d33724002334280
_eTS1
_i114873
_sb
999 _c103211
_d103211